| 000 | 00846pam a2200265 a 4500 | ||
|---|---|---|---|
| 999 |
_c5794 _d5794 |
||
| 001 | 3484 | ||
| 003 | BD-DhUAP | ||
| 005 | 20201221115909.0 | ||
| 008 | 201221s1999 maua b 001 0 eng | ||
| 020 | _a0256246408 | ||
| 020 | _a0071167579 | ||
| 040 |
_aDLC _cDLC _dBD-DhUAP _beng |
||
| 082 | 0 | 0 |
_a658.15 ROS _223 |
| 100 | 1 | _aRoss, Stephen A. | |
| 245 | 1 | 0 |
_aCorporate finance / _cStephen A. Ross, Randolph W. Westerfield and Jeffrey Jaffe. |
| 250 | _a5th ed. | ||
| 260 |
_aBoston : _bIrwin/McGraw-Hill, _cc1999. |
||
| 300 |
_avarious pages : _billustrations ; _c27 cm. |
||
| 490 | _aThe Irwin-McGraw-Hill series in finance, insurance, and real estate. | ||
| 504 | _aIncludes bibliographical references and index. | ||
| 650 | 0 |
_aCorporations _xFinance. |
|
| 700 | 1 | _aWesterfield, Randolph W. | |
| 700 | 1 | _aJaffe, Jeffrey. | |
| 942 |
_2ddc _cBK |
||